| 000 | 00535nab a2200145Ia 4500 | ||
|---|---|---|---|
| 003 | ES-SlBCS | ||
| 005 | 20210601132854.0 | ||
| 008 | 140529s1966 xxu||||| |||| 00| 0 ita d | ||
| 041 | _aita | ||
| 100 | 1 |
_aÉcole, Jean _957013 |
|
| 245 | 0 | 0 |
_aDes rapports de l'experience et de la raison dans l'analyse de l'âme ou la Psychologia empirica de Christian Wolff _c Jean École |
| 600 | 1 |
_aWolff, Christian-Psicología Empírica _9199693 |
|
| 773 | 0 |
_tGiornali di Metafisica _gvol. 21, nº. 4-5, 1966, págs. 589-617 _w0017-0372 |
|
| 942 | _cAR | ||
| 999 |
_c586991 _d586991 |
||